| 000 | 01114cam a22003131 4500 | ||
|---|---|---|---|
| 001 | 6280 | ||
| 003 | BD-RjUL | ||
| 005 | 20211208234222.0 | ||
| 008 | 140109r19661960gw a b 001 0 eng d | ||
| 035 | _a(BD-RjUL)6320 | ||
| 035 | _a(OCoLC)1071843 | ||
| 040 |
_aDLC _cOYU _dOCoLC _dDLC _d(BD-RjUL) _beng |
||
| 041 | 1 |
_aeng _hger |
|
| 051 |
_aQA371 _b.C6854 1960a _cAnother issue. |
||
| 082 |
_a517.38 _bCON |
||
| 100 | 1 |
_aCollatz, Lothar _q(Lothar), _d1910- _919762 |
|
| 245 | 1 | 4 |
_aThe numerical treatment of differential equations / _cCollatz, Lothar |
| 250 | _a3d ed. | ||
| 260 |
_aBerlin, _bSpringer, _c1960. [Reprent 1966] |
||
| 300 |
_a568 p. : _billus. ; _c25 cm. |
||
| 490 | 0 |
_aDie Grundlehren der mathematischen Wissenschaften in Einzeldarstellungen, _vBd. 60 |
|
| 500 | _aAnother issue. Berlin, New York, Springer-Verlag, 1966. "2nd printing." Call number: QA371.C6854 1960a | ||
| 504 | _aIncludes bibliography. | ||
| 650 | 0 |
_aDifferential equations. _919763 |
|
| 942 |
_2ddc _cBK |
||
| 999 |
_c6280 _d6280 |
||